Hindutva raksharth (Record no. 394350)

MARC details
000 -LEADER
fixed length control field 00431 a2200181 4500
005 - DATE & TIME
control field 20260505105201.0
008 - FIXED-LENGTH DATA ELEMENTS--GENERAL INFORMATION
fixed length control field 260504b |||||||| |||| 00| 0 eng d
020 ## - ISBN
International Standard Book Number 9789390449378
Price Rs. 400.00
040 ## - CATALOGING SOURCE
Original cataloging agency VIVEKANANDA LIBRARY
082 ## - DDC NUMBER
Classification number 294.5
Book Number R186H
100 ## - MAIN ENTRY--PERSONAL NAME
Personal name Ratan Sanatan
245 ## - TITLE STATEMENT
Title Hindutva raksharth
260 ## - PUBLICATION, DISTRIBUTION, ETC. (IMPRINT)
Date of publication, distribution, etc 2022
Place of publication, distribution, etc Sanityagar
Name of publisher, distributor, etc Jaipur
300 ## - PHYSICAL DESCRIPTION
Pages xiv, 234
650 ## - Subject
Subject Religion
650 ## - Subject
Subject Hinduism
942 ## - ADDED ENTRY ELEMENTS (KOHA)
Koha item type Books
Holdings
Withdrawn status Lost status Source of classification or shelving scheme Damaged status Not for loan Location (home branch) Sublocation or collection (holding branch) Shelving location Date acquired Koha issues (times borrowed) Koha full call number Accession No. Koha date last seen Koha item type
    Dewey Decimal Classification     VIVEKANANDA LIBRARY VIVEKANANDA LIBRARY Vivekananda Library 16/12/2025   294.5 R186H 443683 16/12/2025 Books
© Designed and Maintained by Vivekananda Library, MDU Rohtak